Russia's road to the cold war diplomacy, warfare, and the politics of communism, 1941-1945

Bibliographic Details
Main Author: Mastny, Vojtech, 1936- (Author)
Format: Book
Language:English
PhysicalDescription:xix, 409 s. 24 cm
Published: New York Columbia University Press 1979
ISBN:0231043619
Subjects:

MARC

LEADER 00000nam a2200000 a 4500
001 vtls009291950
003 SK-MaSNL
005 20260302080150.0
008 240315s1979 xxu n 001 0 eng
015 |a SNBZSA2009-00016 
020 |a 0231043619  |q (brož.) 
040 |a SNK  |b slo  |c SNK  |e AACR2 
041 0 |a eng 
043 |a e-ur---  |a ee-----  |a et----- 
044 |a xxu  |c US 
072 7 |a 327  |x Medzinárodné vzťahy, svetová politika  |2 konspekt 
072 7 |a 94(100)  |x Svetové dejiny  |2 konspekt 
080 |a 94(100)"1939/1945"  |2 2001 
080 |a 327(47+57)  |x "1941/1945"  |2 2001 
100 1 |a Mastny, Vojtech,  |d 1936-  |4 aut  |9 74598 
245 1 0 |a Russia's road to the cold war  |b diplomacy, warfare, and the politics of communism, 1941-1945  |c Vojtech Mastny 
260 |a New York  |b Columbia University Press  |c 1979 
300 |a xix, 409 s.  |c 24 cm 
504 |a Bibliogr. odkazy. Reg. 
650 0 7 |a druhá svetová vojna (1939-1945)  |2 snkph  |9 169657 
650 0 7 |a medzinárodné vzťahy  |y 1941-1945  |2 snkph  |9 743931 
650 0 7 |a zahraničná politika  |z Sovietsky zväz  |2 snkph  |9 743932 
651 7 |a Sovietsky zväz  |2 snkph  |9 22126 
655 7 |a monografie  |2 snkph  |9 70139 
919 |a 0-231-04361-9 
958 |a ZS 
958 |a RU 
958 |a NB 
958 |a OND 
999 |c 1172021  |d 1173951 
952 |a SNK  |b SNK  |y PREZ  |7 0  |p 17A0589413  |o snkSC 132021  |i snk2008/10737  |8 2  |g 16.60  |0 0  |1 0  |4 0  |d 2008-05-05  |l 0  |r 2025-06-23 00:00:00  |w 2026-02-24 
952 |a SNK  |b SNK  |y VYP  |7 0  |p 17A0651366  |o snkSC 132021 D1  |i snk2010/6186  |8 2  |g 15.00  |0 0  |1 0  |4 0  |d 2010-03-16  |l 0  |r 2026-02-24 21:08:26  |w 2026-02-24